[Event "FICS unrated standard game"]
[Site "FICS freechess.org"]
[Date "2010.02.27"]
[Round "?"]
[White "TogaRouter"]
[Black "SlowBox"]
[Result "1/2-1/2"]
[WhiteElo "2219"]
[BlackElo "2246"]
[PlyCount "251"]
[EventDate "2010.??.??"]

1. e4 c5 2. Nf3 Nc6 3. d4 cxd4 4. Nxd4 Nf6 5. Nc3 d6 6. Be2 e5 7. Nf3 h6 8. O-O
Be7 9. Re1 O-O 10. h3 Be6 11. Bf1 Qa5 12. Bd2 Qd8 13. Bc1 Nb8 14. a4 Qa5 15.
Nb5 Qd8 16. a5 Qd7 17. Nc3 Na6 18. Be3 Qc6 19. Bd2 Rad8 20. Qb1 Nc7 21. Bd3 a6
22. Na4 Nd7 23. c4 Nc5 24. Nxc5 Qxc5 25. Qc2 Bd7 26. Qb3 Qc6 27. Bb4 Rfe8 28.
Red1 Ne6 29. Qa3 Bf8 30. Re1 Qc7 31. Rad1 Bc8 32. b3 Be7 33. Bc2 Nc5 34. Re3
Bd7 35. Re2 Be6 36. Qc1 Rf8 37. Qe3 Rc8 38. Bc3 Rfe8 39. Red2 Qc6 40. Ra1 Qc7
41. Bb2 Nd7 42. Rdd1 Red8 43. Bc3 Nc5 44. Ra2 Re8 45. Qe2 Bd7 46. Qd2 Red8 47.
Qe3 Be6 48. Raa1 Re8 49. Rd2 Red8 50. Rc1 Qc6 51. Bb2 b6 52. axb6 Qxb6 53. Bc3
a5 54. Rb1 a4 55. bxa4 Qa7 56. a5 Bxc4 57. Rdd1 Rc7 58. Rb4 Be6 59. Rc1 Rdc8
60. Rb2 Qa8 61. Bd2 Rc6 62. Ra1 Qa6 63. Bb4 Bd8 64. Rbb1 Bc4 65. Ra3 Bb5 66.
Rd1 Be7 67. Rc3 Bc4 68. Rb1 Rb8 69. Qc1 Rd8 70. Qe1 Rc7 71. Bxc5 Rxc5 72. Bb3
Bd3 73. Rxc5 dxc5 74. Nxe5 Bxb1 75. Qxb1 Kf8 76. Bd5 Qxa5 77. Nc6 Qc7 78. Nxd8
Bxd8 79. Qa2 Qa5 80. Bxf7 Qe1+ 81. Kh2 Qxe4 82. g3 Qe5 83. Bg8 Qf6 84. Bd5 g6
85. Kg1 Qd6 86. Bg8 Qe7 87. Bc4 Qe1+ 88. Kg2 Qe4+ 89. Kh2 Kg7 90. Bd5 Qe5 91.
Qa8 Qd6 92. Qb7+ Qc7 93. Qa6 Qb6 94. Qa1+ Bf6 95. Qa8 h5 96. h4 Qd8 97. Qc6 Bd4
98. f4 Qf6 99. Be6 Qd8 100. Qb7+ Kh6 101. Qf7 Qf6 102. Qe8 Qh8 103. Qc6 Qf6
104. Kh3 Bg1 105. Qc8 Be3 106. Qa6 Kg7 107. Qc6 Kh6 108. Qc8 Bxf4 109. gxf4
Qc3+ 110. Kg2 Qc2+ 111. Kf3 Qd3+ 112. Kf2 Qc2+ 113. Ke3 Qc3+ 114. Ke2 Qc2+ 115.
Kf1 Qd3+ 116. Ke1 Qc3+ 117. Kd1 Qd3+ 118. Kc1 Qc3+ 119. Kb1 Qd3+ 120. Ka2 Qc2+
121. Ka3 Qc3+ 122. Bb3 Qa1+ 123. Ba2 Qc3+ 124. Bb3 Qa1+ 125. Ba2 Qc3+ 126. Bb3
1/2-1/2

[Event "ST-00070"]
[Site "LSS"]
[Date "2010.02.24"]
[Round "?"]
[White "Khorunzhy, Mikhail Filippovich"]
[Black "Wosch, Arkadiusz"]
[Result "0-1"]
[WhiteElo "2430"]
[BlackElo "2328"]
[PlyCount "122"]
[EventDate "2010.01.13"]
[SourceTitle "LSS to Dec2020"]
[Source "LSS ed TH"]
[SourceDate "2021.01.12"]
[SourceVersion "3"]
[SourceVersionDate "2021.01.12"]
[SourceQuality "1"]

1. e4 c5 2. Nf3 Nc6 3. d4 cxd4 4. Nxd4 Nf6 5. Nc3 d6 6. Be2 e5 7. Nxc6 bxc6 8.
O-O Be7 9. Qd3 O-O 10. Qg3 Be6 11. b3 Kh8 12. Bb2 Nd7 13. Rad1 Nc5 14. f4 Qb6
15. Kh1 f6 16. f5 Bg8 17. Bf3 Rad8 18. Qf2 Rd7 19. Rd2 Qb4 20. Rfd1 Rfd8 21.
Qg1 Bf8 22. Qf2 Bf7 23. Qe3 Kg8 24. Qf2 Na6 25. g3 Qa5 26. Qg2 Be7 27. h4 Nc5
28. Qe2 Qb4 29. Qe3 Na6 30. Kh2 Qa5 31. a3 Nc7 32. b4 Qa6 33. Qe2 Qb7 34. Na4
d5 35. exd5 cxd5 36. Bg2 Qc6 37. Nc3 a6 38. Qg4 Rd6 39. Qe2 Bf8 40. Bf1 Na8 41.
Qf3 R6d7 42. b5 Qb7 43. a4 a5 44. Bc4 Nb6 45. Bb3 Bb4 46. Qg2 d4 47. Qxb7 Rxb7
48. Rf2 Nc4 49. Bxc4 Bxc4 50. Nb1 Kf7 51. Rc1 Bc5 52. Rd2 Rc7 53. Na3 Bb6 54.
g4 e4 55. Kg3 e3 56. Rdd1 h5 57. Re1 hxg4 58. Kxg4 Bd5 59. Rcd1 Re7 60. Re2
Re4+ 61. Kh3 Rh8 0-1

[Event "FICS rated standard game"]
[Site "FICS freechess.org"]
[Date "2010.02.24"]
[Round "?"]
[White "Nicolau"]
[Black "Cyphelium"]
[Result "1-0"]
[WhiteElo "2063"]
[BlackElo "2133"]
[PlyCount "147"]
[EventDate "2010.??.??"]

1. e4 c5 2. Nf3 Nc6 3. d4 cxd4 4. Nxd4 Nf6 5. Nc3 d6 6. Be2 e5 7. Nf3 h6 8. O-O
Be7 9. Re1 O-O 10. h3 Be6 11. Bf1 Rc8 12. Nd5 Qd7 13. c4 Bd8 14. Bd2 Bxd5 15.
cxd5 Ne7 16. a4 Ng6 17. Bb5 Qe7 18. a5 a6 19. Bd3 Qd7 20. Qb3 Nh5 21. Rec1 Be7
22. Rxc8 Rxc8 23. Qa4 Qxa4 24. Rxa4 Nhf4 25. Rc4 Rxc4 26. Bxc4 Kf8 27. b4 Ke8
28. b5 axb5 29. Bxb5+ Kd8 30. a6 bxa6 31. Ba5+ Kc8 32. Bxa6+ Kb8 33. Bb5 Nf8
34. Bb4 f6 35. Nh4 g6 36. Bf1 Kc7 37. g3 Nh5 38. Ba5+ Kb7 39. Bd2 f5 40. Bxh6
fxe4 41. Bxf8 Bxf8 42. Nxg6 Bh6 43. Ne7 Nf6 44. Nf5 Bf8 45. Bc4 Kb6 46. g4 Kc5
47. g5 Kxc4 48. gxf6 Kxd5 49. Ng7 e3 50. fxe3 e4 51. Kf2 Ke5 52. Nh5 Ke6 53.
Ng3 d5 54. Ne2 Kxf6 55. Nf4 Bd6 56. Nxd5+ Kg5 57. Nc3 Kf5 58. Ne2 Ke5 59. Nd4
Kd5 60. h4 Be7 61. Kg3 Bf6 62. Nf5 Kc4 63. h5 Kd3 64. h6 Bc3 65. Kg4 Bf6 66. h7
Bb2 67. Kh5 Be5 68. Kg6 Bb2 69. Ng7 Bxg7 70. Kxg7 Kxe3 71. h8=Q Kd3 72. Qh3+ e3
73. Qf1+ Kd2 74. Qg2+ 1-0

[Event "Novy Bor op"]
[Site "Novy Bor"]
[Date "2010.02.17"]
[Round "6"]
[White "Marchadour, Emilie"]
[Black "Baum, Bernd"]
[Result "1-0"]
[WhiteElo "2068"]
[BlackElo "2260"]
[PlyCount "137"]
[EventDate "2010.02.13"]
[EventType "swiss"]
[EventRounds "9"]
[EventCountry "CZE"]
[SourceTitle "OM OTB B 201907"]
[Source "Opening Master"]
[SourceDate "2019.07.06"]
[SourceVersion "2"]
[SourceVersionDate "2019.07.06"]
[SourceQuality "1"]

1. e4 c5 2. Nf3 Nc6 3. d4 cxd4 4. Nxd4 Nf6 5. Nc3 d6 6. Be2 e5 7. Nb3 Be7 8.
O-O O-O 9. Bg5 a5 10. Bxf6 Bxf6 11. a4 Nb4 12. Nb5 Be6 13. c3 Na6 14. Nd2 d5
15. exd5 Bxd5 16. Bf3 Bc6 17. Ne4 Be7 18. Qc2 Qb6 19. Be2 Nc5 20. Nd2 Ne6 21.
Nc4 Qc5 22. b4 axb4 23. cxb4 Qxb4 24. Nxe5 Bf6 25. Nxc6 bxc6 26. Rab1 Qc5 27.
Qxc5 Nxc5 28. Nd6 Nxa4 29. Bf3 Ra6 30. Rbc1 Nc3 31. Ne4 Nxe4 32. Bxe4 Rc8 33.
Rc2 Bg5 34. f4 Ra4 35. Bf5 Rc7 36. fxg5 Ra5 37. h4 c5 38. Rc4 g6 39. Be4 Ra6
40. Rfc1 Ra5 41. Bd5 Kg7 42. Rf1 Rd7 43. Rcf4 Raa7 44. Bc4 Re7 45. Rf6 Rac7 46.
R1f4 Red7 47. Kf2 Re7 48. Kf3 Ra7 49. Re4 Rec7 50. Ref4 Ra3+ 51. Ke4 Raa7 52.
Kd5 Rab7 53. Rc6 Re7 54. Kxc5 h6 55. gxh6+ Kxh6 56. Rcf6 Kg7 57. g4 Rbc7+ 58.
Kd4 Rcd7+ 59. Bd5 Ra7 60. Rxf7+ Rxf7 61. Rxf7+ Rxf7 62. Bxf7 Kxf7 63. Kd5 Ke7
64. Ke5 Kf7 65. Kd6 Kf6 66. g5+ Kf7 67. Kd7 Kg8 68. Ke6 Kg7 69. Ke7 1-0

[Event "Novy Bor op"]
[Site "Novy Bor"]
[Date "2010.02.16"]
[Round "5"]
[White "Dalecky, Bretislav"]
[Black "Filinkov, Alexander"]
[Result "0-1"]
[WhiteElo "2159"]
[BlackElo "2261"]
[PlyCount "108"]
[EventDate "2010.02.13"]
[EventType "swiss"]
[EventRounds "9"]
[EventCountry "CZE"]
[SourceTitle "OM OTB B 201907"]
[Source "Opening Master"]
[SourceDate "2019.07.06"]
[SourceVersion "2"]
[SourceVersionDate "2019.07.06"]
[SourceQuality "1"]

1. e4 c5 2. Nf3 Nc6 3. d4 cxd4 4. Nxd4 Nf6 5. Nc3 d6 6. Be2 e5 7. Nb3 h6 8. O-O
Be7 9. Be3 O-O 10. f4 a5 11. a4 Nb4 12. Bf3 Be6 13. fxe5 dxe5 14. Qe2 Qc8 15.
Rfc1 Re8 16. Kh1 Bc4 17. Qf2 Bxb3 18. cxb3 Nd3 19. Qe2 Nxc1 20. Rxc1 Qd7 21.
Qc2 Rac8 22. Be2 Red8 23. Bb6 Rf8 24. Bc4 Bb4 25. Bg1 Qg4 26. Re1 Qg6 27. Re2
Rfd8 28. Nb5 Qg5 29. Be3 Qg4 30. Nc3 Bxc3 31. bxc3 Rxc4 32. bxc4 Qxe4 33. Bg1
Qxc2 34. Rxc2 Rc8 35. c5 Ne4 36. Re2 Nxc5 37. Rxe5 Nxa4 38. Rxa5 Nxc3 39. h3 b5
40. Ra7 Ne2 41. Be3 Rc3 42. Bd2 Rc2 43. Rd7 Rb2 44. g4 Ng3+ 45. Kg1 Ne4 46. Be1
Rb1 47. Kf1 Ng5 48. Ke2 Nxh3 49. Bc3 Nf4+ 50. Kd2 b4 51. Be5 Ne6 52. Rb7 b3 53.
Kc3 b2 54. Rb4 Re1 0-1

[Event "St Petersburg-ch sf"]
[Site "St Petersburg"]
[Date "2010.02.16"]
[Round "4"]
[White "Guzenko, Artem"]
[Black "Pankov, German"]
[Result "1-0"]
[WhiteElo "2136"]
[BlackElo "2394"]
[PlyCount "83"]
[EventDate "2010.02.13"]
[EventType "swiss"]
[EventRounds "9"]
[EventCountry "RUS"]
[SourceTitle "OM OTB B 201907"]
[Source "Opening Master"]
[SourceDate "2019.07.06"]
[SourceVersion "2"]
[SourceVersionDate "2019.07.06"]
[SourceQuality "1"]

1. e4 c5 2. Nf3 d6 3. d4 cxd4 4. Nxd4 Nf6 5. Nc3 Nc6 6. Be2 e5 7. Nb3 Be7 8.
O-O O-O 9. Be3 a5 10. Nd2 d5 11. exd5 Nxd5 12. Nxd5 Qxd5 13. c3 Be6 14. Qa4 Qd7
15. Bb5 Qc7 16. Rfd1 Na7 17. Bxa7 Rxa7 18. Bc4 Bd7 19. Bb5 Bf5 20. Nf1 Bc5 21.
Ng3 Bg6 22. Rd2 Qb6 23. Re1 f6 24. h4 Raa8 25. h5 Rad8 26. Red1 Bf7 27. Bd3
Rxd3 28. Rxd3 Bxf2+ 29. Kh2 f5 30. Nxf5 Bxh5 31. Qc4+ Kh8 32. g4 Bg6 33. Rd6
Qc5 34. Qxc5 Bxc5 35. Rd8 Kg8 36. Rxf8+ Bxf8 37. Rd7 b5 38. Ne7+ Kf7 39. Nxg6+
Kxg6 40. Rd5 b4 41. Rxa5 bxc3 42. bxc3 1-0

[Event "SVK-chT3A2 0910"]
[Site "Slovakia"]
[Date "2010.02.14"]
[Round "8.5"]
[White "Ujhelyi, Matus"]
[Black "Jozefek, Michal"]
[Result "0-1"]
[WhiteElo "1983"]
[BlackElo "1902"]
[PlyCount "116"]
[EventDate "2009.10.18"]
[EventType "team"]
[EventRounds "11"]
[EventCountry "SVK"]
[SourceTitle "OM OTB B 201907"]
[Source "Opening Master"]
[SourceDate "2019.07.06"]
[SourceVersion "2"]
[SourceVersionDate "2019.07.06"]
[SourceQuality "1"]

1. e4 c5 2. Nf3 d6 3. d4 cxd4 4. Nxd4 Nf6 5. Nc3 Nc6 6. Be2 e5 7. Nb3 Be7 8.
Bg5 Be6 9. Bxf6 gxf6 10. Bg4 Qd7 11. Bxe6 Qxe6 12. Nd5 Rc8 13. Qd3 Rg8 14. Rg1
Bf8 15. O-O-O a6 16. Qf3 Rg6 17. Rd3 Ne7 18. Rgd1 Nxd5 19. Rxd5 Qg4 20. Qd3
Qf4+ 21. Kb1 Qxf2 22. Na5 Rxg2 23. Nc4 Rc6 24. Rc1 Qe2 25. Nxd6+ Bxd6 26. Rxd6
Qxd3 27. Rxd3 Rxh2 28. Rcd1 Rc7 29. c3 Ke7 30. Rf3 Re2 31. Rh3 Rxe4 32. Rxh7
Re2 33. Kc1 Ke6 34. Rh6 Rf2 35. Re1 Rd7 36. Re4 b5 37. a4 Rdd2 38. Rb4 bxa4 39.
Rxa4 Rc2+ 40. Kd1 Rfd2+ 41. Ke1 Rd6 42. Rb4 a5 43. Rb7 Rcd2 44. Ra7 Rxb2 45.
Rxa5 Rc2 46. Rc5 e4 47. Rh4 f5 48. Rh5 Rd5 49. Rxd5 Kxd5 50. Rxf5+ Ke6 51. Rc5
f5 52. c4 f4 53. Kf1 f3 54. Rh5 e3 55. Kg1 Rg2+ 56. Kh1 e2 57. Rh8 Kf5 58. Rh5+
Rg5 0-1

[Event "CZE-chT2C 0910"]
[Site "Czechia"]
[Date "2010.02.14"]
[Round "7.4"]
[White "Jurasek, Miroslav"]
[Black "Polak, Benedikt"]
[Result "1/2-1/2"]
[WhiteElo "2298"]
[BlackElo "2083"]
[PlyCount "40"]
[EventDate "2009.10.18"]
[EventType "team-tourn"]
[EventRounds "11"]
[EventCountry "CZE"]
[SourceTitle "OM OTB B 201907"]
[Source "Opening Master"]
[SourceDate "2019.07.06"]
[SourceVersion "2"]
[SourceVersionDate "2019.07.06"]
[SourceQuality "1"]

1. e4 c5 2. Nf3 d6 3. d4 cxd4 4. Nxd4 Nf6 5. Nc3 Nc6 6. Be2 e5 7. Nb3 Be7 8.
O-O O-O 9. f4 exf4 10. Bxf4 Be6 11. Bf3 Ne5 12. Kh1 Rc8 13. Qd4 Nxf3 14. gxf3
Nh5 15. Bd2 Bf6 16. Qxa7 Be5 17. f4 Qh4 18. Qf2 Qxf2 19. Rxf2 Bf6 20. Nc1 Bd4
1/2-1/2

[Event "Mazowiec-chT 0910"]
[Site "Mazowsze"]
[Date "2010.02.14"]
[Round "6.24"]
[White "Gluszko, Monika"]
[Black "Kowalska, Elzbieta"]
[Result "1-0"]
[WhiteElo "1983"]
[BlackElo "1896"]
[PlyCount "109"]
[EventDate "2009.11.29"]
[EventType "team-tourn"]
[EventRounds "11"]
[EventCountry "POL"]
[SourceTitle "OM OTB B 201907"]
[Source "Opening Master"]
[SourceDate "2019.07.06"]
[SourceVersion "2"]
[SourceVersionDate "2019.07.06"]
[SourceQuality "1"]

1. e4 c5 2. Nf3 Nc6 3. d4 cxd4 4. Nxd4 Nf6 5. Nc3 d6 6. Be2 e5 7. Nf3 h6 8. h3
a6 9. O-O Be7 10. Re1 b5 11. Bd3 Nb4 12. Be3 Nxd3 13. Qxd3 Bb7 14. a3 Nd7 15.
Nd5 Bxd5 16. Qxd5 O-O 17. Rad1 Qc7 18. c3 Nf6 19. Qd3 Qc4 20. Bc1 Qxd3 21. Rxd3
Ne8 22. Nh2 Nc7 23. Ng4 h5 24. Ne3 g6 25. g4 h4 26. Nd5 Nxd5 27. Rxd5 g5 28.
Red1 f6 29. a4 Rab8 30. b4 Rfc8 31. Bd2 Rc4 32. f3 Rc6 33. Ra1 Kf7 34. Kf1 Ke6
35. Ke2 Bd8 36. Kd3 bxa4 37. Rxa4 Rb5 38. c4 Rb8 39. Be3 Ke7 40. b5 axb5 41.
cxb5 Rc7 42. Ra6 Rd7 43. Kc4 Rbb7 44. b6 Rb8 45. Rb5 Rdb7 46. Kd5 Kd7 47. Rb2
Rc8 48. Ra7 Rcb8 49. Rb1 Be7 50. Rc1 Bd8 51. Rc6 Be7 52. Bf2 Rxa7 53. bxa7 Ra8
54. Bb6 Bf8 55. Rc7+ 1-0

[Event "FICS rated standard game"]
[Site "FICS freechess.org"]
[Date "2010.02.14"]
[Round "?"]
[White "martybailey"]
[Black "GriffySr"]
[Result "0-1"]
[WhiteElo "2028"]
[BlackElo "2087"]
[PlyCount "80"]
[EventDate "2010.??.??"]

1. e4 c5 2. Nf3 d6 3. d4 cxd4 4. Nxd4 Nf6 5. Nc3 Nc6 6. Be2 e5 7. Nb3 Be7 8.
Be3 a5 9. a4 O-O 10. O-O Nb4 11. Nd5 Nfxd5 12. exd5 Bf5 13. Rc1 Be4 14. Bf3
Bxf3 15. Qxf3 Qd7 16. Rfd1 Rfc8 17. Qe2 Qxa4 18. Rd2 Qa2 19. Ra1 Qxb2 20. Rxa5
Rxa5 21. Nxa5 Qa1+ 22. Rd1 Qxa5 23. Bd2 b5 24. Rb1 Rxc2 25. Qe1 Qa2 26. Bxb4
Rxf2 27. Qxf2 Qxb1+ 28. Qe1 Qxe1+ 29. Bxe1 e4 30. Bd2 f5 31. g3 Kf7 32. Kf2 Bf6
33. Ke2 Bd4 34. Bf4 Bc5 35. Kd2 b4 36. Ke2 Kg6 37. Kd2 Kf6 38. h4 Ke7 39. Ke2
b3 40. Bc1 Bd4 0-1

[Event "EU-chT Seniors 12th"]
[Site "Dresden"]
[Date "2010.02.12"]
[Round "3"]
[White "Kuehn, Peter2"]
[Black "Jonsson, Ingimar"]
[Result "1/2-1/2"]
[WhiteElo "2019"]
[BlackElo "1915"]
[PlyCount "29"]
[EventDate "2010.02.10"]
[EventType "team-swiss"]
[EventRounds "9"]
[EventCountry "GER"]
[SourceTitle "OM OTB B 201907"]
[Source "Opening Master"]
[SourceDate "2019.07.06"]
[SourceVersion "2"]
[SourceVersionDate "2019.07.06"]
[SourceQuality "1"]

1. e4 c5 2. Nf3 Nc6 3. d4 cxd4 4. Nxd4 Nf6 5. Nc3 d6 6. Be2 e5 7. Nb3 Be6 8.
O-O Be7 9. Be3 O-O 10. f4 exf4 11. Bxf4 a5 12. Be3 d5 13. exd5 Nxd5 14. Nxd5
Bxd5 15. c4 1/2-1/2

[Event "2 No Engine Cup Final"]
[Site "corr LSS"]
[Date "2010.02.10"]
[Round "?"]
[White "Leonard, Andrew"]
[Black "Bilsel, Sabahaddin"]
[Result "1-0"]
[WhiteElo "1600"]
[BlackElo "1938"]
[PlyCount "75"]
[EventDate "2010.02.11"]
[EventType "corr"]
[SourceTitle "LSS to Dec2020"]
[Source "LSS ed TH"]
[SourceDate "2021.01.12"]
[SourceVersion "3"]
[SourceVersionDate "2021.01.12"]
[SourceQuality "1"]

1. e4 c5 2. Nc3 Nc6 3. Nf3 d6 4. d4 cxd4 5. Nxd4 Nf6 6. Be2 e5 7. Nf3 h6 8. O-O
Be7 9. Qd3 Be6 10. Be3 O-O 11. Rfd1 Rc8 12. a3 a6 13. Nd2 d5 14. exd5 Nxd5 15.
Nxd5 Qxd5 16. Qxd5 Bxd5 17. c3 Be6 18. Nc4 Rfd8 19. a4 g5 20. Bb6 Rxd1+ 21.
Rxd1 Nd4 22. Bxd4 Bxc4 23. Bxc4 Rxc4 24. b3 exd4 25. bxc4 dxc3 26. Rc1 Bb4 27.
Kf1 f5 28. f3 Kf7 29. Ke2 g4 30. fxg4 fxg4 31. Kd1 Ke6 32. Kc2 b6 33. Rd1 a5
34. Rd5 Kf6 35. Rb5 Bc5 36. Kxc3 h5 37. Kd3 Kf5 38. Rb1 1-0

[Event "FICS rated standard game"]
[Site "FICS freechess.org"]
[Date "2010.02.08"]
[Round "?"]
[White "PaulvanDyk"]
[Black "GriffyJr"]
[Result "1/2-1/2"]
[WhiteElo "2059"]
[BlackElo "2000"]
[PlyCount "177"]
[EventDate "2010.??.??"]

1. e4 c5 2. Nf3 d6 3. d4 cxd4 4. Nxd4 Nf6 5. Nc3 Nc6 6. Be2 e5 7. Ndb5 a6 8.
Na3 b5 9. Naxb5 axb5 10. Bxb5 Bd7 11. a4 Ra5 12. O-O Be7 13. Bd2 O-O 14. f3
Qb6+ 15. Kh1 Raa8 16. Qe2 Nd4 17. Qd3 Nxb5 18. axb5 Rab8 19. Ra6 Bxb5 20. Rxb6
Bxd3 21. Rxb8 Bxf1 22. Rxf8+ Kxf8 23. b4 Bc4 24. b5 d5 25. b6 Bd6 26. Nxd5 Nxd5
27. exd5 Bxd5 28. Be3 Ke7 29. Kg1 Bb7 30. c4 Ke6 31. Kf1 Ba6 32. Ke1 Bxc4 33.
Kd2 Bf1 34. g3 Bg2 35. Ke2 e4 36. f4 Bf3+ 37. Kd2 Kd5 38. Kc3 Kc6 39. Bd4 Kb7
40. Kc4 Be7 41. Be3 Bd8 42. Kb5 f5 43. Bd4 Bd1 44. Be3 Bg4 45. Bd4 Bf3 46. Be3
Bd1 47. Bd4 Bg4 48. Be3 Bh3 49. Bd4 Bf1+ 50. Ka5 Be2 51. Be3 Bf6 52. Kb4 Kc6
53. Bf2 Be7+ 54. Ka5 Kb7 55. Be3 Bg4 56. Bf2 Bf6 57. Kb4 Bd8 58. Ka5 Be7 59.
Be3 g6 60. Bf2 h6 61. Be3 Bd6 62. Kb5 Be2+ 63. Ka5 Bc4 64. Ka4 g5 65. fxg5 hxg5
66. Bxg5 Kxb6 67. h4 Kc6 68. h5 Be2 69. h6 Bd1+ 70. Ka5 Bxg3 71. Bf6 Be1+ 72.
Ka6 f4 73. h7 Be2+ 74. Ka7 Bf2+ 75. Kb8 e3 76. h8=Q f3 77. Bc3 Bg3+ 78. Ka7 f2
79. Qe8+ Kd5 80. Qxe3 f1=Q 81. Qxg3 Qf7+ 82. Kb6 Qe6+ 83. Ka5 Qa6+ 84. Kb4 Qb5+
85. Ka3 Qc5+ 86. Kb2 Qb5+ 87. Ka3 Qc5+ 88. Kb2 Qb5+ 89. Ka3 1/2-1/2

[Event "Chennai op 2nd"]
[Site "Chennai"]
[Date "2010.01.31"]
[Round "8"]
[White "Kryakvin, Dmitry"]
[Black "Dzhumaev, Marat"]
[Result "0-1"]
[WhiteElo "2575"]
[BlackElo "2515"]
[PlyCount "166"]
[EventDate "2010.01.25"]
[EventType "swiss"]
[EventRounds "11"]
[EventCountry "IND"]
[SourceTitle "OM OTB B 201907"]
[Source "Opening Master"]
[SourceDate "2019.07.06"]
[SourceVersion "2"]
[SourceVersionDate "2019.07.06"]
[SourceQuality "1"]

1. e4 c5 2. Nf3 d6 3. d4 Nf6 4. Nc3 cxd4 5. Nxd4 Nc6 6. Be2 e5 7. Nf3 h6 8. O-O
Be7 9. Re1 O-O 10. h3 a6 11. a4 Be6 12. Bf1 Rc8 13. Bd2 Nb8 14. a5 Nc6 15. Na4
Nxa5 16. b3 Nc6 17. c4 Nb8 18. Bb4 Qc7 19. Ra2 Rfd8 20. Rd2 b5 21. cxb5 axb5
22. Nc3 Qb7 23. Nxb5 Nxe4 24. Ra2 Bf8 25. Ra7 Qd5 26. Qb1 Bf5 27. Bc4 Rxc4 28.
bxc4 Qxc4 29. Ba5 Rc8 30. Nd2 Nxd2 31. Qxf5 g6 32. Qg4 h5 33. Qxc4 Nxc4 34. Rc7
Rxc7 35. Bxc7 Na6 36. Rc1 d5 37. Bd8 Kg7 38. Nc3 Ba3 39. Rb1 d4 40. Ne4 f5 41.
Rb7+ Kf8 42. Ng5 d3 43. Kf1 Ke8 44. Ne6 Nd2+ 45. Ke1 Ne4 46. Bh4 Bb4+ 47. Kd1
Nc3+ 48. Kd2 Na4+ 49. Kc1 d2+ 50. Kc2 Nb2 51. Ng7+ Kf8 52. Ne6+ Kg8 53. Rg7+
Kh8 54. Rd7 d1=Q+ 55. Rxd1 Nxd1 56. Kxd1 Kg8 57. Bd8 Kf7 58. Ng5+ Ke8 59. Bb6
Kd7 60. Ke2 Kc6 61. Be3 Kd5 62. Nf7 f4 63. Bc1 Be7 64. Bb2 Bf6 65. Ba3 Nc7 66.
Nd6 e4 67. f3 e3 68. Ne4 Be5 69. Kd3 Ne6 70. Bc1 Ng7 71. g3 fxg3 72. Bxe3 Nf5
73. Bg1 g2 74. Ke2 Bd4 75. Nf2 Ng3+ 76. Ke1 Nh1 77. Nd3 Bxg1 78. Nf4+ Ke5 79.
Nxg2 Ng3 80. Kd2 Nf5 81. Kd3 g5 82. Kc3 Bf2 83. Kd3 Nh4 0-1

[Event "Verbandsliga Nord Baden 0910"]
[Site "Germany"]
[Date "2010.01.31"]
[Round "6.7"]
[White "Rastert, Ralf"]
[Black "Landenberger, Martin"]
[Result "1/2-1/2"]
[WhiteElo "2104"]
[BlackElo "2151"]
[PlyCount "45"]
[EventDate "2009.10.11"]
[EventType "team-tourn"]
[EventRounds "9"]
[EventCountry "GER"]
[SourceTitle "OM OTB B 201907"]
[Source "Opening Master"]
[SourceDate "2019.07.06"]
[SourceVersion "2"]
[SourceVersionDate "2019.07.06"]
[SourceQuality "1"]

1. e4 c5 2. Nf3 d6 3. d4 cxd4 4. Nxd4 Nf6 5. Nc3 Nc6 6. Be2 e5 7. Nb3 Be7 8.
Bg5 Nxe4 9. Bxe7 Nxc3 10. Bxd8 Nxd1 11. Rxd1 Kxd8 12. Rxd6+ Kc7 13. Rd2 Bf5 14.
c3 Rad8 15. Bc4 f6 16. Ke2 Rxd2+ 17. Kxd2 b6 18. Rd1 Be4 19. f3 Rd8+ 20. Ke2
Rxd1 21. Kxd1 Bb1 22. Nd2 Na5 23. Bg8 1/2-1/2

[Event "BUL-ch op 32th"]
[Site "Plovdiv"]
[Date "2010.01.31"]
[Round "1"]
[White "Stoyanov, Stefan"]
[Black "Rusev, Krasimir"]
[Result "0-1"]
[WhiteElo "1838"]
[BlackElo "2547"]
[PlyCount "62"]
[EventDate "2010.01.31"]
[EventType "swiss"]
[EventRounds "9"]
[EventCountry "BUL"]
[SourceTitle "OM OTB B 201907"]
[Source "Opening Master"]
[SourceDate "2019.07.06"]
[SourceVersion "2"]
[SourceVersionDate "2019.07.06"]
[SourceQuality "1"]

1. e4 c5 2. Nf3 d6 3. d4 Nf6 4. Nc3 cxd4 5. Nxd4 Nc6 6. Be2 e5 7. Nb3 Be7 8.
O-O O-O 9. Kh1 a5 10. a4 Be6 11. Nd2 Nb4 12. Nb5 d5 13. c3 Nc6 14. exd5 Nxd5
15. c4 Nf4 16. b3 f5 17. Nf3 Ng6 18. Bb2 Qb6 19. Qc2 Bc5 20. Ng5 Rae8 21. Bh5
Nb4 22. Qe2 Bc8 23. Rad1 e4 24. Bxg6 Qxg6 25. Nh3 f4 26. f3 exf3 27. Qxf3 Re3
28. Qf2 Bxh3 29. gxh3 Qe4+ 30. Qg2 Qxg2+ 31. Kxg2 Re2+ 0-1

[Event "Warsaw Four Seasons op 3rd"]
[Site "Warsaw"]
[Date "2010.01.30"]
[Round "6"]
[White "Czajkowski, Adam"]
[Black "Malec, Sebastian"]
[Result "0-1"]
[WhiteElo "1732"]
[BlackElo "2123"]
[PlyCount "134"]
[EventDate "2010.01.23"]
[EventType "swiss"]
[EventRounds "9"]
[EventCountry "POL"]
[SourceTitle "OM OTB B 201907"]
[Source "Opening Master"]
[SourceDate "2019.07.06"]
[SourceVersion "2"]
[SourceVersionDate "2019.07.06"]
[SourceQuality "1"]

1. e4 c5 2. Nf3 d6 3. d4 cxd4 4. Nxd4 Nf6 5. Nc3 Nc6 6. Be2 e5 7. Nb3 Be7 8.
O-O a5 9. Be3 O-O 10. Bf3 a4 11. Nd2 a3 12. b3 Qa5 13. Na4 b5 14. Nb6 Rb8 15.
Nxc8 Rfxc8 16. c4 b4 17. Qe2 Nd7 18. Rfd1 Nc5 19. Nf1 Ne6 20. Bg4 Rf8 21. Bxe6
fxe6 22. h4 Nd4 23. Qg4 Rf6 24. h5 h6 25. Bxd4 exd4 26. Rxd4 Qe5 27. Rad1 Rbf8
28. f3 Rf4 29. Qg6 d5 30. cxd5 R4f6 31. Qg3 Qxg3 32. Nxg3 Bc5 33. Kf1 Bxd4 34.
Rxd4 exd5 35. Rxb4 dxe4 36. Nxe4 Rc6 37. Ra4 Rc1+ 38. Kf2 Rc2+ 39. Kg3 Rxa2 40.
Nc3 Ra1 41. Nb5 Rf5 42. Rxa3 Rxa3 43. Nxa3 Rxh5 44. Nc4 Rb5 45. Nd2 Rd5 46. Ne4
Rd3 47. Nc5 Rd4 48. Kf2 Rd2+ 49. Kg3 Rb2 50. Kh3 Kf7 51. g4 Ke7 52. Kg3 Kd6 53.
Ne4+ Ke5 54. Nc5 Kd5 55. Ne4 Rxb3 56. g5 h5 57. Nf2 g6 58. Kf4 Rb8 59. Ne4 Rf8+
60. Nf6+ Ke6 61. Kg3 Rxf6 62. gxf6 Kxf6 63. Kf4 g5+ 64. Kg3 Kf5 65. Kg2 Kf4 66.
Kf2 h4 67. Kg2 Ke3 0-1

[Event "Gibraltar Masters 8th"]
[Site "Caleta"]
[Date "2010.01.30"]
[Round "5"]
[White "Carame Gonzalez, Francisco"]
[Black "Peek, Marcel"]
[Result "0-1"]
[WhiteElo "1977"]
[BlackElo "2342"]
[PlyCount "84"]
[EventDate "2010.01.26"]
[EventType "swiss"]
[EventRounds "10"]
[EventCountry "ENG"]
[SourceTitle "OM OTB B 201907"]
[Source "Opening Master"]
[SourceDate "2019.07.06"]
[SourceVersion "2"]
[SourceVersionDate "2019.07.06"]
[SourceQuality "1"]

1. e4 c5 2. Nf3 d6 3. d4 cxd4 4. Nxd4 Nf6 5. Nc3 Nc6 6. Be2 e5 7. Nb3 Be7 8.
O-O O-O 9. f4 a5 10. a4 Nb4 11. Bf3 Be6 12. Be3 exf4 13. Bxf4 Nxc2 14. Qxc2
Qb6+ 15. Nd4 Qxd4+ 16. Kh1 Rac8 17. Rad1 Qb6 18. Qd2 Bb3 19. Rde1 Rfe8 20. g4
Nd7 21. Nd5 Bxd5 22. Qxd5 Ne5 23. Be2 Rf8 24. Bxe5 dxe5 25. Bc4 Qg6 26. h3 Rc5
27. Qd3 Bg5 28. b3 Bf4 29. Qd7 Qf6 30. Rf3 b6 31. Rd1 Rcc8 32. Rfd3 Bg5 33. Kg2
Rce8 34. Rd6 Qf4 35. Qf5 Qe3 36. Rd7 Bf4 37. Bxf7+ Kh8 38. R7d6 Qg3+ 39. Kf1
Qxh3+ 40. Ke2 Qe3+ 41. Kf1 Qf3+ 42. Ke1 Rxf7 0-1